00686nam a22001931a 4500020000900000040002600009050002400035082002400059100002000083245007200103260003500175300002100210440009400231500010200325600002900427600003000456852000300486852000300489 c0.00 aNEGST Library - Kenya aPJ 2471.12.N54 2007 aPJ 2471.12.N54 2007 aNigussie, Yirgu aThe Oromo nominal and adjectival predicatescYirgu Nigussieh[Text] aNairobi, Kenya.]b[NEGSTc2007 axii, 62 leaves.; aThesis (M.A. Translation Studies) Nairobi Evangelical Graduate School of Theology (Kenya) aIncludes bibliographical references Thesis (M.A. Translation Studies) - NEGST, Nairobi [Africana] aOromo languagexGrammar. aOromo - African languages